000 00528nam a2200169Ia 4500
003 GCL
005 20240530101959.0
008 140319s9999 xx 000 0 ara d
040 _aGCL /
_cGCL
082 0 4 _a415.3
_bع ن
100 1 _aعباس حسن
245 1 0 _aالنحو الوافى : مع ربطه بالاساليب الرفيعه الحياه اللغوية المتجدده /
_cعباس حسن
260 _a[S.N] :
_bدار المعارف ،
_c1993
300 _a712ص
650 0 4 _aالنحو
942 _2ddc
_cBK
999 _c29152
_d29152